000 00554nam a2200181 a 4500
003 PILC
005 20150112093439.0
008 100721s19uu xx 00 eng d
020 _a0194520285
050 _aHF 5001
_b.H737 1999
082 _aMnSF 658.1
_bH72 1994
100 _aHollett, Vicki
_917190
245 _aBusiness opportunities /
_cVicki Hollet
260 _aGreat Clarendon Street, Oxford :
_bOxford University Press,
_c1999.
300 _a1999.
_bcolored illustration ;
_c287 cm.
650 _aBusiness - management
_917058
942 _2lcc
_cBK
999 _c14664
_d14664